Catalog

Record Details

Catalog Search



Friedl Dicker-Brandeisová (1898-1944) : výstava k 90. výročí narození / [text katalogu Arno Pařík ; výstava Státní židovské muzeum v Praze-Klausová synagoga IV.-XI.1988]

Record details

  • Physical Description: [76] s. : il.
  • Publisher: Praha : Státní židovské muzeum, 1988

Content descriptions

General Note:
Bibliografie
Výstavy

Available copies

  • 2 of 2 copies available at Common Catalog SPOK.

Holds

  • 0 current holds with 2 total copies.
Show All Copies
Location Call Number / Copy Notes Barcode Shelving Location Status Due Date
Terezin Initiative Institute 1062 4594301062 Knihovna ITI Available -
Terezin Initiative Institute 1063 4594301063 Knihovna ITI Available -

LDR 00707nam a2200205 a 4500
00125695
003CZ-PrJAB
00520140407135955.0
008071025s1988 xr gr | 0 cze
035 . ‡a(CONS)500
035 . ‡a(CZ PrSKC)056378
040 . ‡aABE400 ‡bcze
080 . ‡a061.6
080 . ‡a75
1001 . ‡aPařík, Arno, ‡d1948- ‡7jo20000074497 ‡4aut
24510. ‡aFriedl Dicker-Brandeisová (1898-1944) : ‡bvýstava k 90. výročí narození / ‡c[text katalogu Arno Pařík ; výstava Státní židovské muzeum v Praze-Klausová synagoga IV.-XI.1988]
260 . ‡aPraha : ‡bStátní židovské muzeum, ‡c1988
300 . ‡a[76] s. : ‡bil.
500 . ‡aBibliografie
500 . ‡aVýstavy
7102 . ‡aStátní židovské muzeum (Praha)
8524 . ‡bJACH-ITI ‡bJACH-ITI ‡cKnihovna ITI ‡j1062 ‡p1062 ‡y$0.00
8524 . ‡bJACH-ITI ‡bJACH-ITI ‡cKnihovna ITI ‡j1063 ‡p1063 ‡y$0.00
910 . ‡aABE340 ‡b1062 ‡b1063
901 . ‡a25695 ‡bSystem ‡c25695 ‡tbiblio

Additional Resources